000 00684nam a22002172 4500
001 0000012783
005 20151217145857.0
008 090319s xx 000 0 eng d
020 _a0199298815 :
040 _aKABU
_cKABU
100 1 _aBrown, I. David.
_@0000169702
245 1 4 _aThe Chemical bond in inorganic chemistry :
_bthe bond valence model /
_cI. David Brown.
250 _a1st ed.
260 _aOxford :
_bO. U. P.,
_c2002.
300 _ax, 278 p.
650 0 _aChemical bonds
_xMathematical models.
_@0000169703
650 0 _aInorganic compounds.
_@0000169704
852 1 _9p4612.50 KES
908 _a090319
950 _@1
999 _c3609
_d3609